| 000 | 00828cam a2200205 i 4500 | ||
|---|---|---|---|
| 005 | 20251112114717.0 | ||
| 008 | 250721s2009 le gr 000 0 ara d | ||
| 020 | _a1565643321 | ||
| 082 | 1 | 4 |
_a189 _bب ل ك |
| 100 | 1 |
_aبلكا، إلياس _eمؤلف. |
|
| 245 | 1 | 2 |
_aالوجود بين السببية والنظام : _bدراسة في الاساس الشرعي والفلسفي لاستشراف المستقبل / _cإلياس بلكا. |
| 250 | _aالطبعة الأولى. | ||
| 264 | 3 | 1 |
_aالولايات المتحدة الامريكية : _bالمعهد العالمي للفكر الاسلامي، _c2009. |
| 300 | _a357 صفحة. | ||
| 650 | 1 | 7 | _aالفلسفة الاسلامية. |
| 650 | 1 | 7 | _aالوجودية. |
| 650 | 1 | 7 | _aالفلسفة. |
| 942 |
_2ddc _cBK |
||
| 999 |
_c132551 _d132551 |
||